Biblioteca y Centro de Documentación

El ascenso de China (Registro nro. 53975)

Detalles MARC
000 -CABECERA
Longitud fija campo de control 01104nam a2200361 i 4500
001 - NÚMERO DE CONTROL
Número de control 53975
003 - IDENTIFICADOR DE NÚMERO DE CONTROL
Identificador del número de control ES-MaCES
005 - FECHA Y HORA DE LA ÚLTIMA TRANSACCIÓN
Fecha y hora de la última transacción 20251126094752.0
008 - CAMPO FIJO DE DESCRIPCIÓN FIJA--INFORMACIÓN GENERAL
Códigos de información de longitud fija   251120s2025 sp | 000 ||spa
017 ## - NÚMERO DE REGISTRO DE DERECHOS DE AUTOR Y DEPÓSITO LEGAL
Número de copyright o de depósito legal B 2426-2025
Agencia que asigna el número DL
020 ## - ISBN (INTERNATIONAL STANDARD BOOK NUMBER)
Número Internacional Normalizado para Libros (ISBN) 9788423438693
040 ## - FUENTE DE CATALOGACIÓN
Centro catalogador de origen ES-MaCES
Lengua de catalogación spa
Centro transcriptor ES-MaCES
100 1# - ENCABEZAMIENTO PRINCIPAL--NOMBRE PERSONAL
9 (RLIN) 41573
Nombre de persona Dezcallar, Rafael
245 13 - MENCIÓN DE TÍTULO
Título El ascenso de China
Resto del título : una mirada a la otra gran potencia
Mención de responsabilidad, etc. Rafael Dezcallar
250 ## - MENCIÓN DE EDICIÓN
Mención de edición 2ª ed
260 ## - PUBLICACIÓN, DISTRIBUCIÓN, ETC (PIE DE IMPRENTA)
Lugar de publicación, distribución, etc. Barcelona
Nombre del editor, distribuidor, etc. Deusto
Fecha de publicación, distribución, etc. 2025
300 ## - DESCRIPCIÓN FÍSICA
Extensión 350 p.
Dimensiones 23 cm
504 ## - NOTA DE BIBLIOGRAFÍA, ETC.
Nota de bibliografía, etc. Bibliografía: p. 349-350
541 ## - NOTA DE LA FUENTE INMEDIANTE DE ADQUISICIÓN
Forma de adquisición Compra
650 #4 - ASIENTO SECUNDARIO DE MATERIA--TÉRMINO DE MATERIA
9 (RLIN) 26781
Término de materia o nombre geográfico como elemento inicial economía
650 #4 - ASIENTO SECUNDARIO DE MATERIA--TÉRMINO DE MATERIA
9 (RLIN) 29223
Término de materia o nombre geográfico como elemento inicial nuevo orden económico internacional
650 #4 - ASIENTO SECUNDARIO DE MATERIA--TÉRMINO DE MATERIA
9 (RLIN) 26675
Término de materia o nombre geográfico como elemento inicial relaciones internacionales
650 #4 - ASIENTO SECUNDARIO DE MATERIA--TÉRMINO DE MATERIA
9 (RLIN) 26673
Término de materia o nombre geográfico como elemento inicial relaciones económicas
650 #4 - ASIENTO SECUNDARIO DE MATERIA--TÉRMINO DE MATERIA
9 (RLIN) 27965
Término de materia o nombre geográfico como elemento inicial relaciones comerciales
650 #4 - ASIENTO SECUNDARIO DE MATERIA--TÉRMINO DE MATERIA
9 (RLIN) 27246
Término de materia o nombre geográfico como elemento inicial política
650 #4 - ASIENTO SECUNDARIO DE MATERIA--TÉRMINO DE MATERIA
9 (RLIN) 29225
Término de materia o nombre geográfico como elemento inicial desarrollo político
650 #4 - ASIENTO SECUNDARIO DE MATERIA--TÉRMINO DE MATERIA
9 (RLIN) 26687
Término de materia o nombre geográfico como elemento inicial política exterior
650 #4 - ASIENTO SECUNDARIO DE MATERIA--TÉRMINO DE MATERIA
9 (RLIN) 26692
Término de materia o nombre geográfico como elemento inicial política de defensa
650 #4 - ASIENTO SECUNDARIO DE MATERIA--TÉRMINO DE MATERIA
9 (RLIN) 26909
Término de materia o nombre geográfico como elemento inicial China
653 10 - TÉRMINO DE INDEXACIÓN--NO CONTROLADO
Término no controlado Ciencias Sociales-Políticas
902 ## - CES. TIPO DE DOCUMENTO
Tipodoc (006$c Sirtex) LIB Libro
942 ## - ELEMENTOS KOHA
Fuente de clasificaión o esquema Clasificación propia del CES
Koha [por defecto] tipo de item Monografías
Parte de clasificación Ciencias Sociales Politicas Empresariale
Existencias
Número de registro Signatura completa Tipo de item de Koha
203464 SG-7.0.-827 Monografías
© CES, Consejo Económico y Social de España 2021